00908nam a2200157 4500001000700000003000900007005001700016008004100033040002000074100002500094245039100119260011100510300003800621650005200659852003900711163659ES-MaACL20230906212802.0950308s1888 sp lv |||| | spa d aEUS bspa cEUS1 aRobles Pozo, José.12aLa ley y la jurisprudencia vigentes del enjuiciamiento civil o sea El texto de la edición oficial de la Ley de enjuiciamiento civil de 3 de febrero de 1881... reformada por la ley de 11 de mayo actual... y la jurisprudencia civil procesal establecida por las decisiones del Supremo Tribunal de Justicia y del Consejo de Estado en materia de competencias... / cpor José Robles Pozo. aMadrid : b[s.n.], c1888 (fImprenta de la Revista de Legislación, á cargo de José María Sardá) a2 v. (XV, 793; 748 p.) ; c23 cm. 4aProcedimiento civil-zEspaña-vLegislación. aES-MaACLjC-3307-08 z-- Enc. hol.